বঙ্গবন্ধুর স্বাধীনতা ঘোষণা : (Record no. 74215)
[ view plain ]
| 000 -LEADER | |
|---|---|
| fixed length control field | 01317nam a2200241 a 4500 |
| 001 - CONTROL NUMBER | |
| control field | 74215 |
| 003 - CONTROL NUMBER IDENTIFIER | |
| rucl marc code | BD-RjUL |
| 005 - DATE AND TIME OF LATEST TRANSACTION | |
| control field | 20211209082520.0 |
| 008 - FIXED-LENGTH DATA ELEMENTS--GENERAL INFORMATION | |
| fixed length control field | 100615s2010 bg v 001 0 beno |
| 020 ## - INTERNATIONAL STANDARD BOOK NUMBER | |
| International Standard Book Number | 9847029700471 |
| Terms of availability | : Tk. 700.00 |
| 035 ## - SYSTEM CONTROL NUMBER | |
| System control number | (BD-RjUL)74433 |
| 040 ## - CATALOGING SOURCE | |
| Original cataloging agency | DLC |
| Transcribing agency | DLC |
| Modifying agency | DLC |
| -- | BD-RjUL |
| Language of cataloging | ben |
| 041 0# - LANGUAGE CODE | |
| Language code of text/sound track or separate title | ben |
| 082 ## - DEWEY DECIMAL CLASSIFICATION NUMBER | |
| Edition number | 23 |
| Classification number | 954.9204 |
| Author mark and year | BAN 2010 |
| 245 00 - TITLE STATEMENT | |
| Title | বঙ্গবন্ধুর স্বাধীনতা ঘোষণা : |
| Remainder of title | হাইকোর্টের ঐতিহাসিক রায় |
| 260 ## - PUBLICATION, DISTRIBUTION, ETC. (IMPRINT) | |
| Place of publication, distribution, etc. | ঢাকা : |
| Name of publisher, distributor, etc. | সুবর্ণ, |
| Date of publication, distribution, etc. | ২০১০ |
| 300 ## - PHYSICAL DESCRIPTION | |
| Pagination | ২৫৬ পৃ. ; |
| Size | ২৪ সেমি. |
| 500 ## - GENERAL NOTE | |
| General note | নির্ঘন্ট সংযুক্ত । |
| 520 ## - SUMMARY, ETC. | |
| Summary, etc. | Court verdict and case report on proclamation of independence in Bangladesh in 1971, by the first president of the country, Sheikh Mujibur Rahman, 1922-1975; case was regarding the proclamation as published in the title, Bāṃlādeśera svādhīnatā yuddha (volume three, published in 2004), a book on independence, published by the Ministry of Information, Government of Bangladesh. |
| 650 #0 - SUBJECT ADDED ENTRY--TOPICAL TERM | |
| Topical term or geographic name as entry element | সাংবিধানিক ইতিহাস |
| Geographic subdivision | বাংলাদেশ |
| Form subdivision | বিষয় |
| 9 (RLIN) | 220905 |
| Topical term or geographic name as entry element | Constitutional history |
| Geographic subdivision | Bangladesh |
| Form subdivision | Cases. |
| 9 (RLIN) | 220906 |
| 942 ## - ADDED ENTRY ELEMENTS (KOHA) | |
| Source of classification or shelving scheme | Dewey Decimal Classification |
| Koha item type | Books |
| Lost status | Source of classification or shelving scheme | Damaged status | Not for loan | Collection code | Permanent Location | Current Location | Shelving location | Date acquired | Source of acquisition | Cost, normal purchase price | Total Checkouts | Full call number | Date last seen | Copy number | Koha item type | Date checked out |
|---|---|---|---|---|---|---|---|---|---|---|---|---|---|---|---|---|
| Dewey Decimal Classification | Not For Loan | Non-fiction | Central Library, University of Rajshahi | Central Library, University of Rajshahi | Reading Room | 05/04/2017 | Biddashagor, Rajshahi | 700.00 | B 954.9204 BAN 2010 | 03/04/2018 | C-1 | Books | ||||
| Dewey Decimal Classification | Non-fiction | Central Library, University of Rajshahi | Central Library, University of Rajshahi | 05/04/2017 | Biddashagor, Rajshahi | 700.00 | 1 | B 954.9204 BAN 2010 | 09/04/2019 | C-2 | Books | 27/03/2019 | ||||
| Dewey Decimal Classification | Non-fiction | Central Library, University of Rajshahi | Central Library, University of Rajshahi | 05/04/2017 | Biddashagor, Rajshahi | 700.00 | B 954.9204 BAN 2010 | 03/04/2018 | C-3 | Books |